000
00351nam a2200145Ia 4500
008
231207s9999 xx 000 0 und d
041
_a
eng
082
_a
005.133/BAL
100
_a
B. S. Gottfried
245
_a
Programming With C
250
_a
2006 Ed.
260
_b
Tata mc graw hill
300
_a
PB/1434
650
_a
Comnputer Program Language
999
_c
946990
_d
946990